Normal view
MARC view
- Ahmad Al-Asal
Entry Personal Name
001 - CONTROL NUMBER
- control field: 6821
003 - CONTROL NUMBER IDENTIFIER
- control field: NUST
005 - DATE AND TIME OF LATEST TRANSACTION
- control field: 20171128111332.0
008 - FIXED-LENGTH DATA ELEMENTS
- fixed length control field: 171128|| aca||aabn | a|a d
040 ## - CATALOGING SOURCE
- Original cataloging agency: NUST
- Transcribing agency: NUST
100 ## - HEADING--PERSONAL NAME
- Personal name: Ahmad Al-Asal
670 ## - SOURCE DATA FOUND
- Source citation: Work cat.: (NUST)0: Ahmad Al-Asal, Islam Ka Khandani Nizam , 2014.
